000 00201 a2200097 4500
001 8605
100 _aAbdur Rauf
245 _aIslamic culture in Pak
260 _a
_bFerozsons
_c
090 _c6927
_d6927
942 _aNUST-CAE
_cM
_c33519
999 _c243678
_d243678